Využitie nástrojov Business Intelligence pri manažérskom rozhodovaní v podniku diplomová práca

Gespeichert in:
Bibliographische Detailangaben
1. Verfasser: Ternova, Marharyta
Körperschaft: Fakulta podnikového manažmentu EU. Katedra informačného manažmentu
Weitere Verfasser: Filanová, Jana, 1967-
Format: Buch
Sprache:Slowakisch
Veröffentlicht: Bratislava 2025
Tags: Tag hinzufügen
Keine Tags, Fügen Sie das erste Tag hinzu!

MARC

LEADER 00000nbm a2200000 4500
001 0309752
005 20260114093259.5
041 0 |a slo 
044 |a SK 
245 1 0 |a Využitie nástrojov Business Intelligence pri manažérskom rozhodovaní v podniku  |b diplomová práca  |c Marharyta Ternova ; školiteľ: Jana Filanová 
264 1 |a Bratislava  |c 2025 
300 |a 54 s. 
100 1 |a Ternova, Marharyta 
700 1 |a Filanová, Jana, 1967- 
710 2 |a Fakulta podnikového manažmentu EU. Katedra informačného manažmentu